000 00618nam a2200181 i 4500
001 96136
003 ES-MaACL
005 20250811125512.0
007 t|
008 050610s1954 sp ||||1| spa d
245 0 4 _aLa "Madrecita" de Santa Teresa de Lisieux, madre Inés de Jesús /
_cversión castellana por Fr. Emeterio G. Setién de J. M.
260 _aBurgos :
_bEl Monte Carmelo,
_c1954.
300 _aXVI, 310 p., 4 lám. ;
_c17 cm.
600 0 4 _aAgnès de Jésus,
_d1861-1951
_9171443
700 1 _aEmeterio G. Setién de J. M. (
_d1915-2001)
_9171444
852 _aES-MaACL
_jC-9350
999 _c96136
_d96136